• 首页
  • 本馆介绍
  • 公告通知
  • 最新文献
  • 馆藏检索
  • 电子资源
  • 读者荐购
  • 参考咨询
  • CALIS
  • 我的图书馆
  • 登录
  • 详细信息显示
  • 放入我的书架
  • 预约/预借图书
  • 作者相关作品
  • 分类相关作品
  • 丛书相关作品
  • 出版社相关作品

书目信息

  • 表格格式
  • 工作单格式
  • 卡片格式
题名:
100张必画室内 (环艺) 快题手绘设计方法与解析
    
 
作者: ;新蕾艺术学院 , 新芽生长 编著
分册:  
出版信息: 武汉   华中科技大学出版社  2025.03
页数: 179页
开本: 23cm
丛书名: 高等院校环境艺术设计专业系列教材
单 册:
中图分类: TU204.11
科图分类:
主题词: 室内装饰设计--shi nei zhuang shi she ji--绘画技法--高等学校--教材
电子资源:
ISBN: 978-7-5772-1685-0
 
 
 
 
 
000 01641nam 2200301 450
001 89450
005 20250814150829.58
010    @a978-7-5772-1685-0@dCNY69.80
100    @a20250416d2025 em y0chiy50 ea
101 0  @achi
102    @aCN@b420000
105    @aa z 000yy
106    @ar
200 1  @a100张必画室内 (环艺) 快题手绘设计方法与解析@A100 zhang bi hua shi nei (huan yi) kuai ti shou hui she ji fang fa yu jie xi@f新蕾艺术学院, 新芽生长编著
210    @a武汉@c华中科技大学出版社@d2025.03
215    @a179页@c彩图@d23cm
225 2  @a高等院校环境艺术设计专业系列教材@Agao deng yuan xiao huan jing yi shu she ji zhuan ye xi lie jiao cai
225 2  @a高等院校艺术设计专业系列教材@Agao deng yuan xiao yi shu she ji zhuan ye xi lie jiao cai
300    @a新蕾艺术
330    @a本书共分为10章, 第1章为室内设计快题手绘表达综述, 讲解了室内设计快题手绘的考试要求和评判标准、常见问题以及抄绘练习方法 ; 第2章室内设计快题手绘的主要内容和命题解析, 讲解了室内设计快题手绘的主要内容、常见空间类型, 并对室内设计快题手绘的命题趋势和考研真题进行了解析 ; 第3章至第10章对室内设计快题手绘常见的八大空间进行了讲解, 分别为人居空间, 商业空间, 休闲交流空间, 办公空间, 艺术家、设计师工作室, 茶吧、水吧、咖啡吧, 休闲空间, 博物馆、科普馆等展示空间。
410  0 @12001 @a高等院校环境艺术设计专业系列教材
410  0 @12001 @a高等院校艺术设计专业系列教材
606 0  @a室内装饰设计@Ashi nei zhuang shi she ji@x绘画技法@x高等学校@j教材
690    @aTU204.11@v5
711 02 @a新蕾艺术学院@Axin lei yi shu xue yuan@4编著
711 02 @a新芽生长@Axin ya sheng zhang@4编著
801  0 @aCN@c20250909
905    @a河南城建学院图书馆@dTU204.11@eX571@f1
    
    100张必画室内 (环艺) 快题手绘设计方法与解析/新蕾艺术学院, 新芽生长编著.-武汉:华中科技大学出版社,2025.03
    179页:彩图;23cm.-(高等院校环境艺术设计专业系列教材).-(高等院校艺术设计专业系列教材)
    新蕾艺术
    
    ISBN 978-7-5772-1685-0:CNY69.80
    本书共分为10章, 第1章为室内设计快题手绘表达综述, 讲解了室内设计快题手绘的考试要求和评判标准、常见问题以及抄绘练习方法 ; 第2章室内设计快题手绘的主要内容和命题解析, 讲解了室内设计快题手绘的主要内容、常见空间类型, 并对室内设计快题手绘的命题趋势和考研真题进行了解析 ; 第3章至第10章对室内设计快题手绘常见的八大空间进行了讲解, 分别为人居空间, 商业空间, 休闲交流空间, 办公空间, 艺术家、设计师工作室, 茶吧、水吧、咖啡吧, 休闲空间, 博物馆、科普馆等展示空间。
●
相关链接 在E读中查询图书 在当当中查询图书 在豆瓣中查询图书


正题名:100张必画室内 (环艺) 快题手绘设计方法与     索取号:TU204.11/X571         预约/预借

序号 登录号 条形码 馆藏地/架位号 状态 备注
1 1623412   216234126   建筑库101/101建筑库 111排3列3层/ [索取号:TU204.11/X571] 在馆    
河南城建学院图书馆 欢迎您!
大连网信软件有限公司© 版权所有